<?xml version="1.0" encoding="UTF-8"?>
<marc:record xmlns:marc="http://www.loc.gov/MARC21/slim">
   <marc:leader>00000nam a2200000 a 4500</marc:leader>
   <marc:datafield ind1="1" ind2=" " tag="100">
      <marc:subfield code="a">Pease, Allan</marc:subfield>
      <marc:subfield code="4">aut</marc:subfield>
      <marc:subfield code="e">Verfasser/-in</marc:subfield>
   </marc:datafield>
   <marc:datafield ind1="1" ind2=" " tag="100">
      <marc:subfield code="a">Pease, Barbara</marc:subfield>
      <marc:subfield code="4">aut</marc:subfield>
      <marc:subfield code="e">Verfasser/-in</marc:subfield>
   </marc:datafield>
   <marc:datafield ind1="1" ind2=" " tag="100">
      <marc:subfield code="a">Pease, Allan</marc:subfield>
   </marc:datafield>
   <marc:datafield ind1=" " ind2=" " tag="653">
      <marc:subfield code="a">Geschlechtsunterschied</marc:subfield>
   </marc:datafield>
   <marc:datafield ind1="0" ind2="0" tag="245">
      <marc:subfield code="a">Warum Männer nicht zuhören und Frauen schlecht einparken</marc:subfield>
   </marc:datafield>
   <marc:datafield ind1="0" ind2="0" tag="245">
      <marc:subfield code="b">ganz natürliche Erklärungen für eigentlich unerklärliche Schwächen</marc:subfield>
   </marc:datafield>
   <marc:datafield ind1="0" ind2="0" tag="245">
      <marc:subfield code="c">Allan und Barbara Pease. Aus dem austral. Engl. von Anja Giese</marc:subfield>
   </marc:datafield>
   <marc:datafield ind1=" " ind2="1" tag="264">
      <marc:subfield code="a">Berlin</marc:subfield>
      <marc:subfield code="b">Ullstein</marc:subfield>
      <marc:subfield code="c">2007</marc:subfield>
   </marc:datafield>
   <marc:datafield ind1="1" ind2=" " tag="490">
      <marc:subfield code="a">Ullstein</marc:subfield>
      <marc:subfield code="v">36994</marc:subfield>
   </marc:datafield>
   <marc:datafield ind1=" " ind2=" " tag="250">
      <marc:subfield code="a">Ungekürzte Sonderausg., 1. Aufl.</marc:subfield>
   </marc:datafield>
   <marc:datafield ind1="1" ind2=" " tag="520">
      <marc:subfield code="a">Angaben aus der Verlagsmeldung

Warum Männer nicht zuhören und Frauen schlecht einparken : Ganz natürliche Erklärungen für eigentlich unerklärliche Schwächen Why men don't listen and women can't read maps / von Allan Pease, Barbara Pease

Mit Warum Männer nicht zuhören und Frauen schlecht einparken und Warum Männer lügen und Frauen Schuhe kaufen haben Allan und Barbara Pease Millionen von Lesern die kleinen, aber bedeutenden Unterschiede zwischen Mann und Frau erklärt. Jetzt endlich sind diese auch auf der Leinwand zu sehen – in Starbesetzung: • Darsteller: mit Jessica Schwarz, Detlev Buck, Benno Fürmann, Mario Barth … • Regie: Leander Haußmann • Produktion: Constantin
</marc:subfield>
   </marc:datafield>
   <marc:datafield ind1=" " ind2=" " tag="020">
      <marc:subfield code="a">9783548369945</marc:subfield>
      <marc:subfield code="9">9783548369945</marc:subfield>
   </marc:datafield>
   <marc:datafield ind1=" " ind2=" " tag="020">
      <marc:subfield code="a">3548369944</marc:subfield>
      <marc:subfield code="9">3548369944</marc:subfield>
   </marc:datafield>
   <marc:datafield ind1=" " ind2=" " tag="041">
      <marc:subfield code="a">ger</marc:subfield>
   </marc:datafield>
   <marc:datafield ind1=" " ind2=" " tag="300">
      <marc:subfield code="a">396 S.</marc:subfield>
   </marc:datafield>
</marc:record>
